Calculus /
Guardado en:
| Autor Principal: | |
|---|---|
| Formato: | Libro |
| Idioma: | Spanish English |
| Publicado: |
Buenos Aires :
Eudeba,
c1972.
|
| Series: | Biblioteca del universitario. Manuales
|
| Etiquetas: |
Agregar Etiqueta
Sin Etiquetas, Sea el primero en etiquetar este registro!
|
| LEADER | 00668nam a22001815a 4500 | ||
|---|---|---|---|
| 001 | MAT.inmabb006805 | ||
| 008 | 130805s1972####ag#a#####b####000#0#spa#d | ||
| 005 | 20130902181105.0 | ||
| 245 | 1 | 0 | |a Calculus / |c Karel de Leeuw ; [traducida por Mario J. Rapaport]. |
| 260 | |a Buenos Aires : |b Eudeba, |c c1972. | ||
| 300 | |a xii, 268 p. : |b il. ; |c 23 cm. | ||
| 490 | 0 | |a Biblioteca del universitario. Manuales | |
| 500 | |a Traducción de: Calculus. New York : Harcourt, Brace & World, 1966. | ||
| 504 | |a Incluye referencias bibliográficas (p. [257]-258). | ||
| 100 | 1 | |a De Leeuw, Karel, |d 1930-1978. | |
| 084 | |a 26-01 |2 msc2000 | ||
| 041 | 1 | |a spa |h eng | |
| 859 | |h 26 |i D346 |p A-8841 |b BIB. MATEMATICA | ||
